[Event "N4 Epernay/La Tour du Roi"]
[Site "?"]
[Date "2011.10.16"]
[Round "1"]
[White "Durant, Christophe"]
[Black "Hacene, Ahmed"]
[Result "1/2-1/2"]
[WhiteElo "1941"]
[BlackElo "1781"]
[PlyCount "141"]
[EventDate "2011.10.18"]
[SourceDate "2011.10.16"]

1. d4 e6 2. Nf3 d5 3. Bf4 Nf6 4. e3 c5 5. c3 Nc6 6. Bd3 Bd7 7. Nbd2 Be7 8. Ne5
Rc8 9. h3 c4 10. Bc2 b5 11. O-O a5 12. a3 b4 13. axb4 axb4 14. Nxd7 Qxd7 15.
Ba4 b3 16. Nf3 Bd6 17. Bxd6 Qxd6 18. Ne5 O-O 19. Bxc6 Rxc6 20. Nxc6 Qxc6 21.
Ra5 g6 22. Qa1 Kg7 23. Qa3 Ne4 24. f3 Ng3 25. Re1 Nf5 26. e4 Ng3 27. e5 Nh5 28.
Ra6 Qc8 29. Ra1 Rd8 30. Qe7 Rd7 31. Qg5 h6 32. Qh4 Qd8 33. Qxd8 Rxd8 34. Kf2
Nf4 35. Rd1 Rc8 36. h4 g5 37. hxg5 hxg5 38. g3 Rh8 39. gxf4 Rh2+ 40. Ke3 Rxb2
41. Rg1 Rc2 42. Rxg5+ Kf8 43. Ra8+ Ke7 44. Rgg8 Kd7 45. Ra7+ Kc6 46. Rd8 Rxc3+
47. Kf2 Rc2+ 48. Kg3 c3 49. Rd6+ Kb5 50. Rc7 Kb4 51. Rxf7 Rd2 52. Rxe6 c2 53.
Rc6 Rxd4 54. e6 Rc4 55. Rxc4+ dxc4 56. e7 c1=Q 57. e8=Q Qg1+ 58. Kh4 Qh2+ 59.
Kg4 Qg2+ 60. Kh4 Qh2+ 61. Kg5 Qg3+ 62. Kf5 Qh3+ 63. Ke4 Kc3 64. Rc7 Qf1 65.
Qh8+ Kc2 66. Rh7 Qd3+ 67. Ke5 Qc3+ 68. Kd5 Qxh8 69. Rxh8 c3 70. Kc4 Kb2 71. Rb8
1/2-1/2

[Event "N4 Epernay/La Tour du Roi"]
[Site "?"]
[Date "2011.10.16"]
[Round "1"]
[White "Louis, André"]
[Black "Tatard, Marie"]
[Result "0-1"]
[WhiteElo "1770"]
[BlackElo "1856"]
[PlyCount "60"]
[EventDate "2011.10.18"]
[SourceDate "2011.10.16"]

1. e4 e6 2. d4 d5 3. e5 c5 4. c3 Nc6 5. Nf3 Qb6 6. a3 cxd4 7. cxd4 Nge7 8. Nc3
Nf5 9. Na4 Qc7 10. b4 Bd7 11. g4 Ncxd4 12. Nxd4 Nxd4 13. Qxd4 Bxa4 14. Be3 Be7
15. Bd3 O-O 16. g5 Rac8 17. Rc1 Qxc1+ 18. Bxc1 Rxc1+ 19. Kd2 Rxh1 20. b5 Bb3
21. Qc3 Bxg5+ 22. f4 Bxf4+ 23. Ke2 Bd1+ 24. Kf2 Rxh2+ 25. Kg1 Be2 26. Bxe2 Rxe2
27. Qc7 Bxe5 28. Qxb7 Rb8 29. Qa6 g6 30. b6 Bd4+ 0-1

[Event "N4 Epernay/La Tour du Roi"]
[Site "?"]
[Date "2011.10.16"]
[Round "1"]
[White "Leroy, Patrick"]
[Black "Louis, Vincent"]
[Result "1-0"]
[WhiteElo "1840"]
[BlackElo "1560"]
[PlyCount "39"]
[EventDate "2011.10.18"]
[SourceDate "2011.10.16"]

1. e4 e5 2. Nf3 Nc6 3. Bb5 Nf6 4. O-O Be7 5. Re1 O-O 6. h3 a6 7. Bxc6 bxc6 8.
Nxe5 d5 9. Nxc6 Qd6 10. Nxe7+ Qxe7 11. exd5 Qc5 12. d4 Qxd5 13. Nc3 Qf5 14. Re5
Qg6 15. Rg5 Qh6 16. Qf3 Bd7 17. Rg3 Qh5 18. Qxf6 g6 19. Rg5 Qh4 20. Rxg6+ 1-0

[Event "N4 Epernay/La Tour du Roi"]
[Site "?"]
[Date "2011.10.16"]
[Round "1"]
[White "Mondeel, Paul"]
[Black "Puech, Armel"]
[Result "0-1"]
[WhiteElo "1528"]
[BlackElo "1710"]
[PlyCount "124"]
[EventDate "2011.10.18"]
[SourceDate "2011.10.16"]

1. e4 e6 2. d4 d5 3. Nc3 Bb4 4. e5 c5 5. Nf3 Nc6 6. a3 cxd4 7. axb4 dxc3 8.
bxc3 Qc7 9. Bb2 Nxe5 10. Nxe5 Qxe5+ 11. Be2 Ne7 12. O-O O-O 13. Bd3 Bd7 14. f4
Qf6 15. Qg4 Qh4 16. Qd1 Qf6 17. g4 Qh4 18. Qf3 Bc6 19. b5 Bd7 20. c4 dxc4 21.
Bxc4 Rfc8 22. Bd3 Bxb5 23. Bxb5 Rxc2 24. Rf2 Rxf2 25. Qxf2 Qxg4+ 26. Qg3 Qxg3+
27. hxg3 a6 28. Be5 Rd8 29. Bc7 Rd2 30. Bf1 Nd5 31. Ba5 Rc2 32. Bd3 Rc5 33. Bd2
g6 34. Kf2 f6 35. Rb1 b5 36. Ra1 Rc6 37. Kf3 Kf7 38. g4 f5 39. g5 Kg7 40. Bc1
Nb4 41. Bb2+ Kf7 42. Bxb5 Rc2 43. Be5 axb5 44. Ra7+ Kf8 45. Rxh7 Nd5 46. Rb7 b4
47. Bd6+ Ke8 48. Bxb4 Rb2 49. Rb8+ Kd7 50. Bd6 Rxb8 51. Bxb8 Kc6 52. Ke2 Ne7
53. Kd3 Kd5 54. Be5 Nc6 55. Bc7 e5 56. fxe5 Nxe5+ 57. Ke3 Nd7 58. Bh2 Nf8 59.
Bg3 Ne6 60. Bh4 f4+ 61. Kf3 Ke5 62. Kf2 Kf5 0-1

[Event "N4 Epernay/La Tour du Roi"]
[Site "?"]
[Date "2011.10.16"]
[Round "1"]
[White "Gaubert, Virginie"]
[Black "Roule, Alexandre"]
[Result "1-0"]
[WhiteElo "1728"]
[BlackElo "1440"]
[PlyCount "31"]
[EventDate "2011.10.18"]
[SourceDate "2011.10.16"]

1. c4 e5 2. Nc3 Nf6 3. g3 d5 4. cxd5 Nxd5 5. Bg2 c6 6. Nf3 Bd6 7. O-O O-O 8. d3
Bg4 9. Nxd5 cxd5 10. Qb3 e4 11. dxe4 dxe4 12. Qxb7 exf3 13. exf3 Bc8 14. Qxa8
Ba6 15. Rd1 Re8 16. Bf4 1-0

[Event "N4 Epernay/La Tour du Roi"]
[Site "?"]
[Date "2011.10.16"]
[Round "1"]
[White "Genin, Adeline"]
[Black "Marchal, Ludovic"]
[Result "0-1"]
[WhiteElo "1010"]
[BlackElo "1620"]
[PlyCount "52"]
[EventDate "2011.10.18"]
[SourceDate "2011.10.16"]

1. e4 d6 2. Nf3 Nf6 3. Nc3 g6 4. d4 Bg7 5. Be2 O-O 6. O-O c6 7. Bf4 Qa5 8. e5
dxe5 9. dxe5 Rd8 10. Nd4 Nd5 11. Bd2 Nxc3 12. Bxc3 Qxe5 13. Bg4 Qc7 14. Bb4
Rxd4 15. Qe2 Bxg4 16. f3 Rxb4 17. fxg4 Rxb2 18. Rfd1 Na6 19. a3 Rd8 20. Qf2
Rxd1+ 21. Rxd1 b6 22. Qe2 Nc5 23. Rd2 Rb1+ 24. Kf2 Qf4+ 25. Qf3 Ne4+ 26. Ke2
Qxd2# 0-1

[Event "Reims / E Aubois"]
[Site "?"]
[Date "2011.11.13"]
[Round "2"]
[White "Fournier, Manuel"]
[Black "Samakar, Siavoch"]
[Result "1-0"]
[WhiteElo "1906"]
[BlackElo "1890"]
[PlyCount "91"]
[EventDate "2011.11.13"]
[SourceDate "2011.11.13"]

1. e4 c5 2. Nf3 e6 3. d4 cxd4 4. Nxd4 Nc6 5. Nb3 Nf6 6. Bd3 a6 7. O-O Qc7 8.
Nc3 Be7 9. f4 d6 10. Kh1 b5 11. a3 O-O 12. Bd2 Bb7 13. Qf3 Rad8 14. Rae1 e5 15.
f5 Rfe8 16. Bg5 Na5 17. Nxa5 Qxa5 18. Bd2 Qc7 19. Bg5 Qc5 20. Be3 Qc6 21. Bg5
Qc8 22. Qh3 Qa8 23. Rf3 d5 24. Bxf6 Bxf6 25. Rff1 dxe4 26. Bxe4 Rd4 27. Bxb7
Qxb7 28. Qe3 e4 29. Rf4 Bg5 30. Qxd4 Bxf4 31. Rxe4 Qb8 32. Rxe8+ Qxe8 33. Qd1
h6 34. Qe2 Qb8 35. h3 Be5 36. Nd1 Qd6 37. c3 Qf6 38. Qf3 Qd6 39. Qe2 Kh7 40.
Ne3 Bf4 41. Ng4 Qd5 42. f6 h5 43. Nf2 g6 44. Qe7 Qc4 45. Kg1 Bc7 46. Qf8 1-0

[Event "Reims / E Aubois"]
[Site "?"]
[Date "2011.11.13"]
[Round "2"]
[White "Zeroual, Mohamed"]
[Black "Ferrand, Christophe"]
[Result "1-0"]
[WhiteElo "1921"]
[BlackElo "1877"]
[PlyCount "48"]
[EventDate "2011.11.13"]
[SourceDate "2011.11.13"]

1. e4 e6 2. Nf3 d5 3. Nc3 Nf6 4. e5 Nfd7 5. d4 c5 6. Be3 Nc6 7. Ne2 cxd4 8.
Bxd4 Qc7 9. Nc3 a6 10. Be2 Ndxe5 11. O-O Bd6 12. Re1 O-O 13. Kh1 Bd7 14. Nxe5
Bxe5 15. Bxe5 Nxe5 16. Qd4 Nc6 17. Qh4 f5 18. Rad1 Rf6 19. f4 Rh6 20. Qf2 Rf8
21. h3 Nb4 22. Bf3 Qxf4 23. a3 Nc6 24. Nxd5 Ne5 1-0

[Event "Reims / E Aubois"]
[Site "?"]
[Date "2011.11.13"]
[Round "2"]
[White "Djellouli, Hassine"]
[Black "Hascher, Nicolas"]
[Result "1/2-1/2"]
[WhiteElo "2010"]
[BlackElo "1961"]
[PlyCount "64"]
[EventDate "2011.11.13"]
[SourceDate "2011.11.13"]

1. d4 Nf6 2. c4 e6 3. g4 d5 4. Bg2 Be7 5. Nc3 h6 6. h3 c6 7. Qb3 Qb6 8. c5 Qc7
9. Nf3 Nbd7 10. O-O e5 11. Nxe5 Nxe5 12. dxe5 Qxe5 13. Na4 O-O 14. Qe3 Qe6 15.
f4 Re8 16. Qxe6 Bxe6 17. Be3 Bf8 18. Bd4 Ne4 19. f5 Bd7 20. Bxe4 Rxe4 21. e3 f6
22. Nc3 Ree8 23. b4 Rab8 24. Rab1 b6 25. Na4 bxc5 26. Nxc5 Bxc5 27. Bxc5 Re4
28. a3 h5 29. Rf4 Rxf4 30. exf4 hxg4 31. hxg4 a6 32. Re1 Re8 1/2-1/2

[Event "Reims / E Aubois"]
[Site "?"]
[Date "2011.11.13"]
[Round "?"]
[White "Droit, Vincent"]
[Black "Guyot, Philippe"]
[Result "1-0"]
[WhiteElo "2040"]
[BlackElo "1984"]
[PlyCount "45"]
[EventDate "2011.11.13"]
[SourceDate "2011.11.13"]

1. e4 e6 2. d3 d5 3. Nd2 c5 4. Ngf3 Nc6 5. g3 Bd6 6. Bg2 Nge7 7. O-O O-O 8. Re1
f6 9. c3 b5 10. d4 cxd4 11. Nxd4 Nxd4 12. cxd4 dxe4 13. Nxe4 Bb7 14. Nxf6+ Rxf6
15. Bxb7 Rb8 16. Bg2 h6 17. Qb3 Kh8 18. Rxe6 Rf8 19. Bxh6 gxh6 20. Rxh6+ Kg7
21. Qe6 Rb6 22. Be4 Rh8 23. Qf6+ 1-0

[Event "Reims / E Aubois"]
[Site "?"]
[Date "2011.11.13"]
[Round "2"]
[White "Barnier, Christophe"]
[Black "Roussel, Jean-Marc"]
[Result "1-0"]
[WhiteElo "1857"]
[BlackElo "1634"]
[PlyCount "91"]
[EventDate "2011.11.13"]
[SourceDate "2011.11.13"]

1. d4 d5 2. Nf3 Nf6 3. Bf4 c6 4. e3 e6 5. Nbd2 Nbd7 6. h3 Be7 7. Bd3 a6 8. O-O
O-O 9. c3 c5 10. Re1 b5 11. Ne5 Nxe5 12. Bxe5 Nd7 13. Bh2 Bf6 14. f4 g6 15. Nf3
Bg7 16. a4 bxa4 17. Rxa4 f5 18. Qa1 c4 19. Bc2 h6 20. b3 cxb3 21. Bxb3 Rb8 22.
Rb1 Qc7 23. Nd2 Rd8 24. Ra5 Bf8 25. Ra2 Bb7 26. Rc2 Qd6 27. c4 Nf6 28. c5 Qe7
29. Ba4 Ba8 30. Rcb2 Rxb2 31. Qxb2 Qc7 32. Qb6 Qxb6 33. Rxb6 Kf7 34. Rxa6 Ne8
35. Rb6 Nf6 36. Nf3 Ne4 37. Ne5+ Kf6 38. Bd7 Bxc5 39. Rxe6+ Kg7 40. dxc5 Nxc5
41. Rxg6+ Kf8 42. Bxf5 h5 43. Rf6+ Kg7 44. Rf7+ Kg8 45. Bh7+ Kh8 46. Ng6# 1-0

[Event "Reims / E Aubois"]
[Site "?"]
[Date "2011.11.13"]
[Round "2"]
[White "Moine, Patrick"]
[Black "Garcia, Gilles"]
[Result "0-1"]
[WhiteElo "1886"]
[BlackElo "1927"]
[PlyCount "40"]
[EventDate "2011.11.13"]
[SourceDate "2011.11.13"]

1. d4 Nf6 2. c4 e6 3. Nf3 d5 4. Nc3 Bb4 5. Bd2 c6 6. e3 Nbd7 7. Bd3 Bd6 8. O-O
O-O 9. Re1 e5 10. e4 dxe4 11. Nxe4 Nxe4 12. Bxe4 f5 13. Bc2 e4 14. Bg5 Nf6 15.
c5 exf3 16. cxd6 Qxd6 17. Bb3+ Nd5 18. Be7 Qg6 19. Bxd5+ cxd5 20. Bxf8 Qxg2#
0-1

[Event "Reims / E Aubois"]
[Site "?"]
[Date "2011.11.13"]
[Round "2"]
[White "Dhieux, Francky"]
[Black "Pierquin, Bernard"]
[Result "0-1"]
[WhiteElo "2049"]
[BlackElo "2040"]
[PlyCount "114"]
[EventDate "2011.11.13"]
[SourceDate "2011.11.13"]

1. Nf3 f5 2. d4 Nf6 3. c4 g6 4. g3 Bg7 5. Bg2 O-O 6. O-O d6 7. Nc3 Nc6 8. d5
Na5 9. Nd2 c5 10. Rb1 a6 11. a3 Qc7 12. b3 Rb8 13. Bb2 Bd7 14. Qc2 b5 15. Rfc1
bxc4 16. bxc4 e5 17. dxe6 Bxe6 18. Nd5 Nxd5 19. cxd5 Bd7 20. Bxg7 Kxg7 21. Rxb8
Rxb8 22. e4 fxe4 23. Nxe4 Rb3 24. Qd2 Nb7 25. h4 Bf5 26. Ng5 Nd8 27. Re1 h6 28.
Ne6+ Nxe6 29. dxe6 Qe7 30. Qe2 Bd3 31. Qg4 Rxa3 32. Bd5 Bf5 33. Qf4 Rd3 34. Be4
Rd4 35. Qf3 Bxe4 36. Rxe4 Rxe4 37. Qxe4 Kf6 38. Qf4+ Kxe6 39. Qc4+ Kd7 40. Qxa6
Qe1+ 41. Kg2 Qe4+ 42. Kf1 h5 43. Qb5+ Ke6 44. Qe8+ Kd5 45. Qg8+ Kd4 46. Qg7+
Kd3 47. Kg1 d5 48. Qa7 c4 49. Qa2 c3 50. Qa6+ Kd2 51. Qa5 d4 52. Qb4 Kd1 53. f3
Qe3+ 54. Kg2 c2 55. Qa4 d3 56. Qb3 Ke1 57. Qc3+ Qd2+ 0-1

[Event "Epernay / Chaumont"]
[Site "?"]
[Date "2011.11.13"]
[Round "2"]
[White "Defrance, Laurent"]
[Black "Picard, Serge"]
[Result "1/2-1/2"]
[WhiteElo "2127"]
[BlackElo "2084"]
[PlyCount "44"]
[EventDate "2011.11.13"]
[SourceDate "2011.11.13"]

1. d4 d5 2. Nf3 Nf6 3. c4 e6 4. Nc3 c6 5. cxd5 exd5 6. Bg5 Be6 7. e3 Nbd7 8.
Bd3 Be7 9. Rb1 c5 10. dxc5 Nxc5 11. Bb5+ Ncd7 12. Bxf6 Bxf6 13. Nxd5 O-O 14.
Bxd7 Qa5+ 15. Nc3 Rfd8 16. O-O Rxd7 17. Nd4 Rad8 18. Qf3 Bxd4 19. exd4 Qb6 20.
d5 Bxd5 21. Nxd5 Rxd5 22. Rbd1 Rxd1 1/2-1/2

[Event "Epernay / Chaumont"]
[Site "?"]
[Date "2011.11.13"]
[Round "2"]
[White "Da Costa, Manuel"]
[Black "Tatard, Marie"]
[Result "0-1"]
[WhiteElo "1928"]
[BlackElo "1868"]
[PlyCount "86"]
[EventDate "2011.11.13"]
[SourceDate "2011.11.13"]

1. b3 e5 2. Bb2 Nc6 3. e4 Nf6 4. Nc3 a6 5. Nf3 Bb4 6. d3 O-O 7. Be2 d6 8. O-O
Be6 9. a3 Bc5 10. b4 Bd4 11. Nxd4 Nxd4 12. f4 Nxe2+ 13. Qxe2 exf4 14. Rxf4 c6
15. Raf1 Qb6+ 16. Kh1 Nd7 17. Qh5 Ne5 18. Ne2 Ng6 19. R4f3 Qd8 20. Rg3 a5 21.
b5 d5 22. bxc6 bxc6 23. exd5 Qxd5 24. Qxd5 cxd5 25. Nf4 Rac8 26. Nxg6 hxg6 27.
Rc1 Rc6 28. Bd4 Rb8 29. c3 Rb2 30. h4 Rc8 31. h5 Bf5 32. hxg6 Bxg6 33. c4 Rb3
34. c5 Rxd3 35. Rxd3 Bxd3 36. c6 Bc4 37. Bb6 Rxc6 38. Bxa5 Re6 39. Rd1 f5 40.
Kg1 Re2 41. Rd4 Kf7 42. Kh2 g5 43. Kg3 Re3+ 0-1

[Event "Epernay / Chaumont"]
[Site "?"]
[Date "2011.11.13"]
[Round "2"]
[White "Durant, Christophe"]
[Black "Masera, Michel"]
[Result "1/2-1/2"]
[WhiteElo "1945"]
[BlackElo "1854"]
[PlyCount "64"]
[EventDate "2011.11.13"]
[SourceDate "2011.11.13"]

1. d4 Nf6 2. Nf3 c5 3. c3 e6 4. Bf4 Qb6 5. Qb3 Nc6 6. e3 Be7 7. Nbd2 Qxb3 8.
axb3 d5 9. dxc5 Bxc5 10. b4 Bb6 11. Bd6 Kd7 12. Bc5 Bxc5 13. bxc5 Rd8 14. Bb5
Ke7 15. Bxc6 bxc6 16. b4 a5 17. Nd4 Bd7 18. bxa5 Ra6 19. O-O Rb8 20. f3 e5 21.
Nc2 Rb2 22. Nb4 Ra8 23. Rfd1 Ne8 24. a6 f6 25. Rab1 Rxb1 26. Rxb1 Nc7 27. Ra1
Ne6 28. Nb3 Kd8 29. Ra5 Kc7 30. Kf2 Bc8 31. g3 Kd7 32. f4 Nc7 1/2-1/2

[Event "Epernay / Chaumont"]
[Site "Epernay"]
[Date "2011.11.13"]
[Round "2"]
[White "Kerlau, Gildas"]
[Black "Crépaux, Jean-Marie"]
[Result "1-0"]
[WhiteElo "1744"]
[BlackElo "1880"]
[PlyCount "87"]
[EventDate "2010.10.24"]
[SourceDate "2011.11.13"]
[WhiteTeam "Chaumont"]
[BlackTeam "Epernay"]

1. d4 d5 2. c4 c6 3. Nf3 Nf6 4. Nc3 dxc4 5. a4 Bg4 6. e3 e6 7. Bxc4 Bb4 8. O-O
O-O 9. Bd3 Nbd7 10. h3 Bh5 11. e4 Qa5 12. e5 Nd5 13. Bxh7+ Kh8 14. g4 Kxh7 15.
gxh5 Rh8 16. Ng5+ Kg8 17. Nce4 f5 18. exf6 gxf6 19. Nxe6 Kf7 20. Qg4 Rag8 21.
N6g5+ Ke8 22. Qe6+ Kd8 23. Kh1 fxg5 24. Bxg5+ Kc7 25. h4 Re8 26. Qg4 Ne7 27.
Qg3+ Kc8 28. Qg4 Qf5 29. f3 Qd5 30. Nf6 Qf5 31. Nxe8 Rxe8 32. h6 Qc2 33. Qg2
Qf5 34. Qg4 Qc2 35. Qe4 Qxe4 36. fxe4 Ng6 37. e5 Ngxe5 38. dxe5 Nxe5 39. Rf5
Kd7 40. Raf1 Bd6 41. b3 Ng6 42. Rf7+ Be7 43. h5 Nh8 44. Rg7 1-0

[Event "Epernay / Chaumont"]
[Site "Epernay"]
[Date "2011.11.13"]
[Round "2"]
[White "Leroy, Patrick"]
[Black "Parisot, Anthony"]
[Result "1/2-1/2"]
[WhiteElo "1840"]
[BlackElo "1667"]
[PlyCount "97"]
[EventDate "2010.10.24"]
[SourceDate "2011.11.13"]

1. e4 c5 2. c3 d5 3. exd5 Qxd5 4. d4 Nf6 5. Nf3 Nc6 6. Be3 cxd4 7. cxd4 Bg4 8.
Nc3 Qa5 9. Be2 e6 10. O-O Be7 11. h3 Bh5 12. Qb3 Qb4 13. Qxb4 Nxb4 14. a3 Nc6
15. Rad1 Rd8 16. g4 Bg6 17. Ne5 O-O 18. Bf3 Nd5 19. Nxd5 exd5 20. Nxg6 fxg6 21.
Kg2 Bf6 22. g5 Be7 23. Bg4 Rfe8 24. Rd3 Bd6 25. Bf3 Ne7 26. Rc1 Rc8 27. Rdc3
Rxc3 28. Rxc3 Kf7 29. Rb3 b6 30. Bd2 Rc8 31. Rc3 Rxc3 32. Bxc3 Ke6 33. Bg4+ Nf5
34. Kf3 h5 35. gxh6 gxh6 36. Ke2 h5 37. Bf3 b5 38. Kd3 Bf4 39. b3 Bh2 40. a4
bxa4 41. bxa4 Bg1 42. Ke2 Nd6 43. Kf1 Bh2 44. Ke2 Ne4 45. Be1 Kf5 46. Bg2 g5
47. f3 Nf6 48. Bb4 Bc7 49. Bd2 1/2-1/2

[Event "Epernay / Chaumont"]
[Site "Epernay"]
[Date "2011.11.13"]
[Round "2"]
[White "Voguet, Francois"]
[Black "Gaubert, Virginie"]
[Result "0-1"]
[WhiteElo "1751"]
[BlackElo "1728"]
[PlyCount "90"]
[EventDate "2010.10.24"]
[SourceDate "2011.11.13"]

1. e4 c5 2. d4 cxd4 3. c3 Nf6 4. e5 Nd5 5. cxd4 Nc6 6. Nf3 d6 7. Nc3 Nxc3 8.
bxc3 dxe5 9. Bb5 exd4 10. Nxd4 Bd7 11. O-O Nxd4 12. Bxd7+ Qxd7 13. cxd4 e6 14.
Rb1 Be7 15. Qf3 Qc6 16. Qg3 O-O 17. Bh6 Bf6 18. Rfc1 Qe4 19. Be3 Rac8 20. Rd1
Rc2 21. a4 Rc4 22. Rb5 Bxd4 23. h3 Bxe3 24. fxe3 Rxa4 25. Re5 Qh4 26. Qf3 Qf6
27. Qg3 a5 28. Rf1 Qh4 29. Qf3 b6 30. Rxe6 Qd8 31. Re5 Rc4 32. Rf5 Rc7 33. Rb5
Qd6 34. Rfb1 Rc6 35. Rd1 Qe6 36. Rg5 a4 37. Qg3 Qf6 38. Rf1 Qc3 39. Rg4 b5 40.
Rd4 a3 41. Qf2 Rc7 42. Rdd1 b4 43. Rc1 Qxc1 44. Rxc1 Rxc1+ 45. Kh2 b3 0-1

[Event "Epernay / Chaumont"]
[Site "Epernay"]
[Date "2011.11.13"]
[Round "2"]
[White "Puech, Armel"]
[Black "Louot, Catherine"]
[Result "1-0"]
[WhiteElo "1710"]
[BlackElo "1565"]
[PlyCount "109"]
[EventDate "2010.10.24"]
[SourceDate "2011.11.13"]

1. e4 e5 2. Nf3 Nc6 3. Bc4 Bc5 4. c3 d6 5. b4 Bb6 6. Qb3 Qf6 7. d3 h6 8. Be3
Bxe3 9. fxe3 Bg4 10. O-O Qg6 11. Bxf7+ Qxf7 12. Qxf7+ Kxf7 13. Nxe5+ Ke7 14.
Nxg4 h5 15. Nf2 Nf6 16. Nd2 d5 17. exd5 Nxd5 18. b5 Ne5 19. c4 Nf6 20. d4 Ng6
21. Nb3 Rae8 22. e4 Nf4 23. Rfe1 g5 24. e5 Nd7 25. Rad1 Kd8 26. g3 Ng6 27. Ne4
g4 28. Ng5 Rhf8 29. e6 Nf6 30. e7+ Nxe7 31. Ne6+ Kc8 32. Nxf8 Rxf8 33. Rxe7 Kd8
34. Re5 Rh8 35. Rf1 Nd7 36. Rg5 c6 37. bxc6 bxc6 38. Nc5 Nb6 39. Rc1 a5 40.
Ne6+ Kd7 41. Nf4 h4 42. Rxg4 h3 43. Rg7+ Ke8 44. Re1+ Kd8 45. Ne6+ Ke8 46. Nc5+
Kf8 47. Rb7 Nc8 48. Rc7 Nd6 49. Rxc6 Nxc4 50. Rc8+ Kg7 51. Re7+ Kf6 52. Re6+
Kg7 53. Rc7+ Kf8 54. Ra6 Nd6 55. Rxd6 1-0

[Event "Epernay / Chaumont"]
[Site "Epernay"]
[Date "2011.11.13"]
[Round "2"]
[White "Mouriot, Didier"]
[Black "Marchal, Ludovic"]
[Result "1/2-1/2"]
[WhiteElo "1420"]
[BlackElo "1620"]
[PlyCount "95"]
[EventDate "2010.10.24"]
[SourceDate "2011.11.13"]

1. d4 Nf6 2. c4 g6 3. Nc3 Bg7 4. Nf3 O-O 5. e4 d6 6. d5 a5 7. a4 e5 8. Be2 Na6
9. Be3 Nc5 10. Bxc5 dxc5 11. O-O Ne8 12. Qd3 Nd6 13. Qc2 b6 14. Rfe1 f5 15. Bd3
f4 16. Rad1 g5 17. Nb5 Rf7 18. Rc1 g4 19. Nd2 Qg5 20. f3 h5 21. Kf2 g3+ 22. Kg1
gxh2+ 23. Kh1 Bf6 24. Nf1 Rg7 25. Nxh2 Kh7 26. Re2 Qh4 27. Qd1 Ba6 28. Qe1 Rag8
29. Rcc2 Rg3 30. Qg1 Bd8 31. Rf2 Bc8 32. Bf1 Bd7 33. Rc3 Qg5 34. Re2 Kg6 35.
Qf2 Kf7 36. Rb3 Nxc4 37. Kg1 Nd6 38. Rc2 h4 39. Kh1 Rh8 40. Rbc3 Rg8 41. Rd3 h3
42. Rdd2 hxg2+ 43. Bxg2 Qh5 44. Qg1 Rxf3 45. Qd1 Bg4 46. Bxf3 Bxf3+ 47. Qxf3
Qxf3+ 48. Nxf3 1/2-1/2

[Event "La Tour du Roi / Rethel"]
[Site "?"]
[Date "2011.11.13"]
[Round "2"]
[White "Lassalle, Arnaud"]
[Black "Vedovotto, Nicolas"]
[Result "1/2-1/2"]
[WhiteElo "2063"]
[BlackElo "2070"]
[PlyCount "62"]
[EventDate "2010.10.13"]
[SourceDate "2011.11.13"]

1. e4 Nc6 2. d4 e5 3. Nf3 exd4 4. Bc4 Nf6 5. O-O Nxe4 6. Re1 d5 7. Bxd5 Qxd5 8.
Nc3 Qh5 9. Nxe4 Be6 10. Nxd4 Qxd1 11. Rxd1 O-O-O 12. Be3 Nxd4 13. Bxd4 Bf5 14.
Ng5 Bg6 15. c3 c5 16. Be3 Be7 17. f3 Rxd1+ 18. Rxd1 Rd8 19. Rxd8+ Kxd8 20. Kf2
Kd7 21. Ke2 Kc6 22. Nh3 f6 23. Nf4 Bf7 24. b3 Bd6 25. c4 b6 26. h3 a6 27. Kd2
h6 28. Kc3 Be5+ 29. Kd2 g5 30. Nd3 Bd6 31. g4 Bg6 1/2-1/2

[Event "La Tour du Roi / Rethel"]
[Site "?"]
[Date "2011.11.13"]
[Round "2"]
[White "Sohier, Renaud"]
[Black "Hacene, Ahmed"]
[Result "1-0"]
[WhiteElo "1964"]
[BlackElo "1976"]
[PlyCount "113"]
[EventDate "2010.10.13"]
[SourceDate "2011.11.13"]

1. d4 c6 2. c4 d5 3. g3 Nf6 4. Bg2 Nbd7 5. Nf3 dxc4 6. O-O e6 7. Qc2 Nb6 8.
Nbd2 Bd7 9. Ne5 Be7 10. Ndxc4 Nxc4 11. Qxc4 Nd5 12. Rd1 O-O 13. e4 Nb6 14. Qb3
Bf6 15. Nxd7 Qxd7 16. Be3 Rac8 17. a4 Rfd8 18. a5 Na8 19. d5 exd5 20. Bxa7 d4
21. Qc4 Nc7 22. Bb6 c5 23. Qxc5 Na8 24. Qb4 Nxb6 25. Qxb6 d3 26. Rd2 Bg5 27.
Rdd1 d2 28. f4 Be7 29. Qb3 Bc5+ 30. Kh1 Bf2 31. e5 Rc7 32. Rf1 Be1 33. Rfxe1
dxe1=Q+ 34. Rxe1 Qd2 35. Rg1 Qxa5 36. e6 fxe6 37. Qxe6+ Kh8 38. Re1 Rf8 39. f5
Rcf7 40. g4 Rf6 41. Qe7 h6 42. b4 Qb6 43. Bd5 Qd4 44. Qxb7 Qxg4 45. Rg1 Qxg1+
46. Kxg1 Rxf5 47. b5 Rg5+ 48. Bg2 Re5 49. h3 Rfe8 50. b6 R5e7 51. Qc6 Re6 52.
Qc5 Re5 53. Qd4 Rb5 54. b7 Rb8 55. Qd7 Rb1+ 56. Kh2 Rb2 57. Qc8+ 1-0

[Event "La Tour du Roi / Rethel"]
[Site "?"]
[Date "2011.11.13"]
[Round "2"]
[White "Halfaoui, Eddine"]
[Black "Noizet, Donatien"]
[Result "1-0"]
[WhiteElo "1858"]
[BlackElo "1973"]
[PlyCount "95"]
[EventDate "2010.10.13"]
[SourceDate "2011.11.13"]

1. e4 e5 2. Nf3 Nc6 3. Bb5 d6 4. O-O Bd7 5. c3 Nf6 6. Re1 Be7 7. d4 a6 8. Ba4
O-O 9. Bg5 h6 10. Bh4 Qe8 11. d5 Nd8 12. Bxd7 Qxd7 13. Nbd2 b5 14. a4 Nb7 15.
axb5 axb5 16. Qe2 c6 17. c4 bxc4 18. Qxc4 Nc5 19. dxc6 Qd8 20. Bxf6 Bxf6 21. b4
Ne6 22. Rxa8 Qxa8 23. b5 Qa7 24. h3 Rb8 25. Nf1 Qa5 26. Rb1 Nc7 27. Ne3 Rxb5
28. Rxb5 Nxb5 29. Nd5 Bd8 30. Kh2 Bb6 31. Qb3 Kf8 32. Nxb6 Qxb6 33. c7 Qxc7 34.
Qxb5 Ke7 35. Qb3 Qc6 36. Qd5 Qc1 37. g3 Qc2 38. Kg2 f5 39. Qb7+ Kf8 40. exf5
Qxf5 41. Nh4 Qc2 42. Qd5 Ke7 43. Qf3 g6 44. Qb7+ Kf6 45. Qd7 Qe4+ 46. Nf3 Qd5
47. Qc8 e4 48. Qf8+ 1-0

[Event "La Tour du Roi / Rethel"]
[Site "?"]
[Date "2011.11.13"]
[Round "2"]
[White "Meunier, Samuel"]
[Black "Louis, André"]
[Result "1/2-1/2"]
[WhiteElo "1940"]
[BlackElo "1768"]
[PlyCount "86"]
[EventDate "2010.10.13"]
[SourceDate "2011.11.13"]

1. e4 c5 2. Nf3 Nc6 3. d4 cxd4 4. Nxd4 Nf6 5. Nc3 e5 6. Ndb5 d6 7. Bg5 a6 8.
Na3 b5 9. Bxf6 gxf6 10. Nd5 Bg7 11. Bd3 Ne7 12. Nxe7 Qxe7 13. O-O O-O 14. c3
Kh8 15. Nc2 f5 16. a4 bxa4 17. Rxa4 a5 18. exf5 Bd7 19. Qh5 Bf6 20. Rg4 Rg8 21.
Ne3 Rxg4 22. Nd5 Rxg2+ (22... Rh4) 23. Kxg2 Bc6 24. Be4 Rg8+ 25. Kh1 Bxd5 26.
Bxd5 Rg7 27. Ra1 Qa7 28. Qf3 Qb6 29. b3 Qc5 30. Ra4 e4 31. Rxe4 Qxc3 32. Re8+
Rg8 33. Rxg8+ Kxg8 34. Qg3+ Qxg3 35. fxg3 Kg7 36. Kg2 Be5 37. Kf3 h5 38. h3 Kf6
39. Be4 Kg5 40. h4+ Kf6 41. g4 hxg4+ 42. Kxg4 Kg7 43. Kh5 f6 1/2-1/2

[Event "La Tour du Roi / Rethel"]
[Site "?"]
[Date "2011.11.13"]
[Round "2"]
[White "Hurreau, Jean-Francois"]
[Black "Biniaux, Mickael"]
[Result "0-1"]
[WhiteElo "1582"]
[BlackElo "1726"]
[PlyCount "56"]
[EventDate "2010.10.13"]
[SourceDate "2011.11.13"]

1. e4 d5 2. exd5 Qxd5 3. Nc3 Qa5 4. d4 c6 5. Nf3 Bg4 6. h3 Bh5 7. Be2 Nf6 8.
O-O e6 9. a3 Nbd7 10. Bg5 Bxf3 11. Bxf3 Qxg5 12. Qe2 Be7 13. Rae1 O-O 14. b4 a6
15. Qe3 Qxe3 16. Rxe3 Rac8 17. Ne2 Nb6 18. Ng3 Nfd5 19. Bxd5 cxd5 20. Re2 Rc3
21. Nf5 Re8 22. Nxe7+ Rxe7 23. Ra1 Rec7 24. Ra2 R7c4 25. Rd2 Nc8 26. Kf1 Nd6
27. f3 Nb5 28. Rd3 Nxd4 0-1